Austrian things [pic] - Statistics

General Stats
  • This quiz has been taken 22 times
  • The average score is 8 of 16
Answer Stats
Picture Answer % Correct
Red Bull
95%
Arnold Schwarzenegger
86%
(Wiener) Schnitzel
86%
Schilling
76%
Sigmund Freud
76%
wine
76%
Alpine skiing
62%
Sacher Cake
62%
Conchita Wurst
57%
The Kiss / Klimt
57%
Krampus
43%
Hofburg Palace
24%
Hedy Lamarr
14%
Franz Schubert
10%
Swarovski Crystal World
10%
Venus of Willendorf
10%
No matching quizzes found
Score Distribution
Percent of People with Each Score
Percentile by Number Answered
Your Score History
You have not taken this quiz